| 000 | 00000nam##2200000za#4500 |
| 001 | 9.589546 |
| 003 | CaOODSP |
| 005 | 20210624195709 |
| 007 | cr ||||||||||| |
| 008 | 150406|1994||||xxc|||||o f|0| 0 fre|d |
| 040 | |aCaOODSP|bfre |
| 041 | |aeng |
| 041 | |afre |
| 043 | |an-cn--- |
| 086 | 1 |aFs97-13/946-PDF |
| 110 | 1 |aCanada. |bMinistère des pêches et des océans. |
| 245 | 10|aDonnées des débits réserves au Canada Atlantique / |h[ressource électronique]|cpar D. Caissie, N. Eljabi et D.R. Alexander. |
| 260 | |aMoncton - Nouveau-Brunswick : |bPêches et Océans Canada |c1994. |
| 300 | |a100p.|bfigures, références, tableaux |
| 490 | 1 |aRapport statistique canadien des sciences halieutiques et aquatiques|vN° 946 |
| 500 | |aSur la p. de t. : Région du golfe, Direction des sciences Division des études de I'environnement, Moncton, N.B. Le numéro de catalogue et l'ISSN de l'édition imprimée apparaissent dans la version PDF. |
| 590 | |a13-20-Supp|b2013-08-30 |
| 791 | |tInstream flow data for Atlantic Canada / |eeng|w(CaOODSP)9.589545 |
| 830 | #0|aRapport statistique canadien des sciences halieutiques et aquatiques ;|vN° 946|w(CaOODSP)9.500268 |
| 856 | 40|ahttp://publications.gc.ca|qPDF|s3268 Ko|uhttps://publications.gc.ca/collections/collection_2013/mpo-dfo/Fs97-13-946.pdf|yN° 946 |